Einige Bemerkungen zur politischen Rhetorik

Skúmanie hovoreného jazyka a ústnej rétoriky je oblasťou interdisciplinárnej lingvistiky. Rečové a komunikačné schopnosti, rétorika pre prax a schopnosť rečniť na verejnosti. Politická komunikácia z jazykového hľadiska.

Salvato in:
Dettagli Bibliografici
Autore principale: Adamcová, Lívia
Natura: Capitolo di libro
Lingua:tedesco
Soggetti:
Tags: Aggiungi Tag
Nessun Tag, puoi essere il primo ad aggiungerne!!

MARC

LEADER 00000naa$a2200000$$$4500
001 0223840
005 20240502073650.5
041 0 |a ger 
044 |a SK 
245 1 0 |a Einige Bemerkungen zur politischen Rhetorik  |c Lívia Adamcová 
520 |a Skúmanie hovoreného jazyka a ústnej rétoriky je oblasťou interdisciplinárnej lingvistiky. Rečové a komunikačné schopnosti, rétorika pre prax a schopnosť rečniť na verejnosti. Politická komunikácia z jazykového hľadiska. 
610 2 0 |a jazyk diplomatický 
610 2 0 |a politika 
610 2 0 |a komunikácia interkultúrna 
610 2 0 |a rétorika 
100 1 |a Adamcová, Lívia